00257 a2200133 4500001000700000020001800007040001100025100002500036240002100061245001600082300000800098362000900106440000800115182735 a85-322-4992-2 cMagnum aCervantes, Miguel de10aDom quixotelpor10aDom quixote a1440 a2002 1aFTD